[Event "U.S. Amateur North"]
[Site "Detroit, MI"]
[Date "1999.05.29"]
[Round "1"]
[White "Berry, DeMarcus"]
[Black "Townsend, Paul"]
[Result "0-1"]
[WhiteElo "1427"]
[BlackElo "1925"]
[PlyCount "158"]
[EventDate "1999.05.29"]

1. e4 e6 2. d4 d5 3. e5 c5 4. c3 Nc6 5. Qg4 Qb6 6. Nf3 Nge7 7. Bd3 Nf5 8. Bxf5
exf5 9. Qf4 Be7 10. O-O Be6 11. Nbd2 a5 12. Rb1 cxd4 13. cxd4 a4 14. Rd1 Qd8
15. Nf1 g5 16. Nxg5 Bxg5 17. Qxg5 Qxg5 18. Bxg5 Kd7 19. Ne3 Rhg8 20. f4 Rac8
21. h3 b5 22. g4 h6 23. Bxh6 fxg4 24. f5 gxh3+ 25. Kh2 Bxf5 26. Nxf5 Rg2+ 27.
Kxh3 Rg6 28. Bg7 Rxg7 29. Nxg7 Rh8+ 30. Kg4 Rg8 31. Kf5 Rxg7 32. Kf6 Rg4 33.
Kxf7 Rf4+ 34. Kg6 Nxd4 35. Rf1 Rxf1 36. Rxf1 Ke6 37. Kg5 Kxe5 38. Re1+ Kd6 39.
Kf6 Nc6 40. Rd1 Nb4 41. a3 Nc2 42. Rd3 Na1 43. Kf5 Nb3 44. Kf4 Kc5 45. Ke5 d4
46. Ke4 Kc4 47. Rh3 Nc5+ 48. Kf3 Nd3 49. Rh2 Kb3 50. Ke4 Nxb2 51. Kxd4 Kxa3 52.
Kc5 b4 53. Rh3+ b3 54. Rh1 Nd3+ 55. Kc4 Nb4 56. Rh3 Nc6 57. Kc3 Ne7 58. Rd3 Nc6
59. Rd1 Nb4 60. Rd2 Na2+ 61. Kc4 b2 62. Rd3+ Nc3 63. Rxc3+ Ka2 64. Kb4 b1=Q+
65. Kxa4 Qe4+ 66. Kb5 Kb2 67. Rc5 Kb3 68. Kb6 Qd4 69. Kc6 Qe4+ 70. Kb6 Kb4 71.
Rb5+ Kc4 72. Ka5 Qa8+ 73. Kb6 Qb8+ 74. Kc6 Qxb5+ 75. Kd6 Qf5 76. Kc6 Qe6+ 77.
Kc7 Kb5 78. Kb7 Qd7+ 79. Ka8 Kb6 0-1

[Event "U.S. Amateur North U1600"]
[Site "Detroit, MI"]
[Date "1999.05.29"]
[Round "1"]
[White "Aldrich, Justin"]
[Black "Young, Cordell"]
[Result "1-0"]
[WhiteElo "1500"]
[BlackElo "876"]
[PlyCount "65"]
[EventDate "1999.05.29"]

1. e4 e6 2. d4 d5 3. e5 f6 4. Nf3 c5 5. c3 Nc6 6. Be3 cxd4 7. cxd4 Qc7 8. Bb5
Bd7 9. Bxc6 Bxc6 10. Nc3 fxe5 11. Nxe5 Nf6 12. Rc1 Bb4 13. O-O Bxc3 14. Rxc3
Ne4 15. Rc1 Nf6 16. Bf4 Qb6 17. Re1 Ke7 18. Bg5 Rac8 19. Qg4 Rhe8 20. Bh4 Rg8
21. Bxf6+ gxf6 22. Ng6+ Kf7 23. Nh8+ Rxh8 24. Qxe6+ Kg6 25. Qg4+ Kf7 26. Qh5+
Kf8 27. Qh6+ Kf7 28. Qh5+ Kf8 29. Qf5 Kf7 30. Qe6+ Kg6 31. Re3 h6 32. Rg3+ Kh7
33. Qf7# 1-0

[Event "U.S. Amateur North U1600"]
[Site "Detroit, MI"]
[Date "1999.05.29"]
[Round "3"]
[White "Aldrich, Justin"]
[Black "Dolin, Jack"]
[Result "1-0"]
[WhiteElo "1500"]
[BlackElo "1410"]
[PlyCount "57"]
[EventDate "1999.05.29"]

1. e4 e6 2. d4 d5 3. e5 c5 4. c3 cxd4 5. cxd4 Bb4+ 6. Bd2 Bxd2+ 7. Nxd2 Qb6 8.
Nb3 Qb4+ 9. Qd2 Qxd2+ 10. Nxd2 Nc6 11. Bb5 a6 12. Bxc6+ bxc6 13. Rc1 Bd7 14.
Ngf3 f6 15. O-O Ne7 16. Nb3 Rb8 17. Rc2 O-O 18. Re1 Ng6 19. Nc5 Rfd8 20. exf6
gxf6 21. Nxd7 Rxd7 22. Rxe6 Re7 23. Rexc6 Nh4 24. Rxf6 Nxf3+ 25. gxf3 Re1+ 26.
Kg2 Kg7 27. Rxa6 Rg8 28. Rc7+ Kf8+ 29. Kh3 1-0

[Event "U.S. Amateur North"]
[Site "Detroit, MI"]
[Date "1999.05.29"]
[Round "2"]
[White "Aldrich, Jeff"]
[Black "Levadi, David"]
[Result "0-1"]
[WhiteElo "2056"]
[BlackElo "1871"]
[PlyCount "48"]
[EventDate "1999.05.29"]

1. d4 Nf6 2. c4 d5 3. Nc3 c5 4. Nf3 cxd4 5. Nxd4 e5 6. Nb3 d4 7. Nb1 Be6 8. e3
Nc6 9. exd4 exd4 10. a3 Bd6 11. Bg5 Qe7 12. Qe2 O-O-O 13. N1d2 Rhe8 14. Kd1 d3
15. Qe3 Be5 16. Rb1 h6 17. Bxf6 Qxf6 18. Ne4 Qg6 19. Nbd2 f5 20. Nc3 f4 21. Qc5
Bd4 22. Qb5 Bxf2 23. Nce4 Bg4+ 24. Kc1 Rxe4 0-1

[Event "U.S. Amateur North U1600"]
[Site "Detroit, MI"]
[Date "1999.05.30"]
[Round "4"]
[White "Young, Cordell"]
[Black "Culverson, Javin"]
[Result "1-0"]
[WhiteElo "876"]
[BlackElo "747"]
[PlyCount "75"]
[EventDate "1999.05.29"]

1. e4 e5 2. Nf3 Nc6 3. Bc4 Be7 4. d4 d6 5. h3 Bf6 6. Be3 h6 7. Bb5 Bd7 8. d5
Nb4 9. Bxd7+ Qxd7 10. Nc3 Ne7 11. Qe2 c6 12. a3 Nbxd5 13. exd5 Nxd5 14. Nxd5
cxd5 15. Qd2 e4 16. Nd4 O-O 17. c3 b6 18. Rd1 Bxd4 19. Qxd4 Qb5 20. Qxd5 Qxd5
21. Rxd5 f5 22. Bf4 a5 23. Rxd6 b5 24. Rb6 g5 25. Be5 b4 26. cxb4 axb4 27. Rxb4
Rac8 28. Bc3 Rb8 29. Rxb8 Rxb8 30. Ke2 f4 31. b4 Ra8 32. Ra1 Kf7 33. a4 Rd8 34.
Ra3 Ke7 35. a5 Kd7 36. b5 Kc7 37. a6 Kb6 38. Ba5+ 1-0

[Event "U.S. Amateur North"]
[Site "Detroit, MI"]
[Date "1999.05.30"]
[Round "4"]
[White "Williams, Ron"]
[Black "LaForge, Tom"]
[Result "1-0"]
[WhiteElo "1899"]
[BlackElo "1981"]
[PlyCount "108"]
[EventDate "1999.05.29"]

1. c4 f5 2. g3 Nf6 3. Bg2 e5 4. Nc3 Nc6 5. e3 Bb4 6. Nge2 O-O 7. O-O d6 8. d4
Bd7 9. a3 Bxc3 10. Nxc3 a6 11. b4 Qe8 12. Re1 Kh8 13. Bb2 Qf7 14. Nd5 Nxd5 15.
Bxd5 Be6 16. Bxe6 Qxe6 17. d5 Qf7 18. dxc6 bxc6 19. Rc1 f4 20. exf4 exf4 21.
Qf3 fxg3 22. Qxg3 Rae8 23. h4 Re7 24. Rxe7 Qxe7 25. Bc3 h6 26. Qg6 Kg8 27. Re1
Qd7 28. Qe6+ Qxe6 29. Rxe6 Rf4 30. Re7 Rxc4 31. Rxg7+ Kf8 32. Bf6 Rf4 33. Bb2
Rxh4 34. Rxc7 Rc4 35. Bg7+ Ke8 36. Bxh6 Kd8 37. Ra7 c5 38. bxc5 dxc5 39. Rxa6
Rg4+ 40. Kf1 Kc7 41. Be3 Kb7 42. Ra5 c4 43. Ke2 Kc6 44. Kd2 Kd6 45. Kc3 Re4 46.
Ra8 Kc6 47. Rc8+ Kb5 48. Rc5+ Ka6 49. Rxc4 Re8 50. Rb4 Rc8+ 51. Kb3 Rd8 52. Ka4
Ra8 53. Rb6+ Ka7 54. Ka5 Rc8 1-0

[Event "U.S. Amateur North U1600"]
[Site "Detroit, MI"]
[Date "1999.05.30"]
[Round "4"]
[White "Williams, Christopher"]
[Black "Mann, Douglas"]
[Result "1-0"]
[WhiteElo "803"]
[BlackElo "628"]
[PlyCount "93"]
[EventDate "1999.05.29"]

1. e4 g6 2. d4 Nf6 3. Nc3 d6 4. Bf4 Nc6 5. Nf3 b6 6. Bc4 e6 7. Qd3 Nb4 8. Qd2
Bb7 9. a3 d5 10. exd5 Nbxd5 11. O-O Nxf4 12. Qxf4 Nh5 13. Qg4 Nf6 14. Qf4 Bg7
15. Ne5 O-O 16. Rad1 Bd5 17. Nxd5 exd5 18. Nc6 Nh5 19. Qe3 Qd7 20. Bb5 Qd6 21.
c4 a6 22. c5 Qf6 23. Ne7+ Kh8 24. Nxd5 Qe6 25. Qxe6 fxe6 26. Bc6 Rad8 27. Nxc7
Bxd4 28. Nxe6 Bxf2+ 29. Kh1 Ng3+ 30. hxg3 h6 31. Rxd8 Kg8 32. Rxf2 Rxd8 33.
Nxd8 bxc5 34. Rf6 g5 35. Rxh6 Kf8 36. Ne6+ Ke7 37. Nxg5 a5 38. Kh2 Kd8 39. Rh7
Kc8 40. Kh3 c4 41. Kg4 c3 42. bxc3 a4 43. Kf5 Kd8 44. Ke6 Kc8 45. Kd6 Kb8 46.
Bf3 Kc8 47. Rh8# 1-0

[Event "U.S. Amateur North U1600"]
[Site "Detroit, MI"]
[Date "1999.05.30"]
[Round "5"]
[White "Wiener, Jack"]
[Black "Smith, Tyrnn"]
[Result "1-0"]
[WhiteElo "1454"]
[BlackElo "887"]
[PlyCount "117"]
[EventDate "1999.05.29"]

1. d4 d5 2. Nf3 e6 3. Bf4 Nf6 4. Bg5 Be7 5. e3 O-O 6. Bd3 Nc6 7. c3 Bd7 8. Nbd2
Re8 9. Ne5 h6 10. Bf4 Bd6 11. Ndf3 Qe7 12. Qc2 Nh5 13. g3 g5 14. Nxd7 Qxd7 15.
Bxd6 Qxd6 16. Ne5 Nxe5 17. dxe5 Qxe5 18. O-O-O Nf6 19. Rde1 Qd6 20. f4 Rad8 21.
fxg5 hxg5 22. Rhf1 Ne4 23. Qe2 Re7 24. Qh5 f5 25. Bxe4 dxe4 26. Rd1 Rh7 27.
Qxg5+ Kf7 28. Qxd8 Qxd8 29. Rxd8 Rxh2 30. g4 Re2 31. Rd7+ Kf6 32. Rxc7 Rxe3 33.
gxf5 exf5 34. Rxb7 Kg5 35. Rb5 Rf3 36. Rxf3 exf3 37. Kd2 Kg4 38. Ke1 Kg3 39.
Kf1 f4 40. Rg5+ Kh4 41. Rf5 Kg4 42. Rf7 Kg3 43. c4 f2 44. c5 Kf3 45. c6 Ke3 46.
c7 Kf3 47. c8=Q Ke3 48. Qc5+ Kf3 49. Qxf2+ Ke4 50. Rxf4+ Kd5 51. Qd4+ Kc6 52.
Rf6+ Kb5 53. Rf5+ Kc6 54. Qf6+ Kc7 55. Rc5+ Kd7 56. Ra5 Kc7 57. Rxa7+ Kb8 58.
Qb6+ Kc8 59. Qc7# 1-0

[Event "U.S. Amateur North U1600"]
[Site "Detroit, MI"]
[Date "1999.05.30"]
[Round "4"]
[White "Wiener, Jack"]
[Black "Maldonado, Florentino"]
[Result "0-1"]
[WhiteElo "1454"]
[BlackElo "1139"]
[PlyCount "106"]
[EventDate "1999.05.29"]

1. d4 d5 2. Nf3 e6 3. Bf4 c5 4. e3 Nc6 5. dxc5 Bxc5 6. Bd3 Nf6 7. Nbd2 h6 8.
O-O Nd7 9. Nb3 Be7 10. c3 e5 11. e4 dxe4 12. Nxe5 Ndxe5 13. Bb5 Qxd1 14. Raxd1
Ng6 15. Bg3 O-O 16. Rfe1 Bf5 17. Bc7 Rac8 18. Bg3 Rfd8 19. Ra1 Nf8 20. Bxc6
bxc6 21. Nd4 Bg6 22. f4 Bf6 23. f5 Bxd4+ 24. cxd4 Bxf5 25. Bf2 Ne6 26. h3 Nxd4
27. g4 Bh7 28. Bxd4 Rxd4 29. Re2 Re8 30. Rc1 Rd6 31. Kf2 Bg6 32. Rc5 e3+ 33.
Kf3 Be4+ 34. Kg3 Bd3 35. Re1 e2 36. Rc3 Bb5 37. Rcc1 Rf6 38. b3 Rf1 39. a4 Rxe1
40. Rxe1 Bd3 41. Kf2 Re4 42. Rc1 Rf4+ 43. Ke3 Rf1 44. Re1 Rxe1 45. Kxd3 Rb1 46.
Kxe2 Rxb3 47. h4 Rb4 48. g5 hxg5 49. hxg5 Rxa4 50. g6 fxg6 51. Kd3 Kf7 52. Kc3
Ke6 53. Kb3 Rh4 0-1

[Event "U.S. Amateur North U1600"]
[Site "Detroit, MI"]
[Date "1999.05.30"]
[Round "4"]
[White "Treacy, Joe"]
[Black "Grzegorczyk, Ron"]
[Result "1-0"]
[WhiteElo "1557"]
[BlackElo "1560"]
[PlyCount "71"]
[EventDate "1999.05.29"]

1. e4 c5 2. d4 cxd4 3. c3 dxc3 4. Nxc3 e6 5. Nf3 Nc6 6. Bc4 Be7 7. O-O d6 8.
Qe2 Nf6 9. Rd1 Qc7 10. Bf4 e5 11. Bg5 O-O 12. Rac1 Be6 13. Bxf6 Bxf6 14. Nb5
Qb6 15. Bxe6 fxe6 16. Rxd6 a6 17. Nc3 Nd4 18. Rxb6 Nxe2+ 19. Nxe2 Rac8 20. Rxe6
Rxc1+ 21. Nxc1 Rc8 22. Nd3 Rd8 23. Nfe1 Rd4 24. f3 Kf7 25. Rb6 Rd7 26. Kf1 Ke7
27. Ke2 Rc7 28. Rb3 Kd6 29. Rc3 Rf7 30. Nb4 Bd8 31. Rd3+ Ke7 32. Nd5+ Ke8 33.
Rc3 Kd7 34. Nd3 Kd6 35. Rc8 Ba5 36. Re8 1-0

[Event "U.S. Amateur North"]
[Site "Detroit, MI"]
[Date "1999.05.30"]
[Round "4"]
[White "Townsend, Paul"]
[Black "Sattler, Peter"]
[Result "1-0"]
[WhiteElo "1925"]
[BlackElo "1703"]
[PlyCount "135"]
[EventDate "1999.05.29"]

1. e4 c5 2. f4 d6 3. Nf3 Nc6 4. Bc4 e6 5. Nc3 Nf6 6. d3 a6 7. a4 Be7 8. O-O O-O
9. Kh1 Nd7 10. Qe1 Kh8 11. Ne2 Nb6 12. Bd2 Nxc4 13. dxc4 Bf6 14. Bc3 e5 15. Rd1
Nd4 16. fxe5 dxe5 17. Nexd4 exd4 18. b3 Qc7 19. Bd2 Bg4 20. Qf2 Rae8 21. Rde1
h6 22. Nh4 Be5 23. Nf5 Bxf5 24. Qxf5 Bxh2 25. Qh5 Be5 26. Rf5 Kh7 27. Ref1 Kg8
28. Ba5 Qe7 29. Qg4 Kh7 30. Bd2 g6 31. R5f3 f6 32. Rh3 g5 33. Rff3 Qg7 34. Rh5
Qg6 35. Rfh3 Kg7 36. Rxh6 Qxh6 37. Qd7+ Kg6 38. Rxh6+ Kxh6 39. Qxb7 Ra8 40. Qe7
Rfc8 41. Kg1 Rc7 42. Qe6 Raa7 43. Kf2 Re7 44. Qb6 Rec7 45. Kf3 Kg6 46. Kg4 Rh7
47. Bxg5 Raf7 48. Bf4 Bxf4 49. Kxf4 Rh4+ 50. g4 Rh2 51. Qxc5 Rxc2 52. Qxd4 Re7
53. Qd3 Rf2+ 54. Kg3 Ra2 55. e5+ Kf7 56. exf6 Kxf6 57. c5 Ree2 58. Qxa6+ Kg5
59. Kf3 Reb2 60. Qd3 Rf2+ 61. Ke3 Kxg4 62. Qg6+ Kh4 63. Kd4 Rad2+ 64. Kc3 Rde2
65. c6 Re3+ 66. Kb4 Rff3 67. Qg8 Rc3 68. Qh8+ 1-0

[Event "U.S. Amateur North"]
[Site "Detroit, MI"]
[Date "1999.05.30"]
[Round "5"]
[White "Townsend, Paul"]
[Black "Santiago, Reynaldo"]
[Result "1-0"]
[WhiteElo "1925"]
[BlackElo "2011"]
[PlyCount "143"]
[EventDate "1999.05.29"]

1. e3 Nf6 2. b3 g6 3. Bb2 Bg7 4. Nf3 d6 5. Be2 c5 6. O-O Nc6 7. d3 O-O 8. Nbd2
Bd7 9. Rb1 a6 10. e4 b5 11. e5 Nd5 12. c4 Nf4 13. exd6 Bxb2 14. Rxb2 Nb4 15.
Ne4 exd6 16. d4 Bf5 17. Ng3 Qf6 18. Nxf5 gxf5 19. g3 Qg7 20. Kh1 Ne6 21. Rd2
bxc4 22. bxc4 cxd4 23. Nxd4 Nxd4 24. Rxd4 Nxa2 25. Rxd6 Nc3 26. Qc2 Qe5 27. Bf3
Ra7 28. Rd3 Ne4 29. Re3 Re8 30. Rfe1 Rae7 31. Kg1 Qd4 32. Bxe4 Rxe4 33. Rxe4
Rxe4 34. Rd1 Qc5 35. Rd8+ Kg7 36. Qb2+ Qe5 37. Qd2 Re1+ 38. Kg2 Qe4+ 39. Kh3
Qg4+ 40. Kg2 Qe4+ 41. Kh3 Qg4+ 42. Kg2 Re6 43. Qc3+ f6 44. Rd7+ Kg6 45. Rd4 Qe2
46. c5 Qb5 47. Rd6 Rxd6 48. cxd6 Qd5+ 49. Kh3 Qxd6 50. Qc8 a5 51. Qe8+ Kh6 52.
Kh4 Qd5 53. Qf8+ Kg6 54. Qe8+ Qf7 55. Qb5 Kh6 56. Qxf5 Qg6 57. Qxa5 f5 58. Qd2+
Kg7 59. Qg5 Kf7 60. Qxg6+ Kxg6 61. h3 h5 62. g4 hxg4 63. hxg4 fxg4 64. Kxg4 Kf6
65. Kf4 Kg6 66. Ke5 Kf7 67. Kf5 Ke7 68. Kg6 Kf8 69. Kf6 Kg8 70. f4 Kh7 71. f5
Kg8 72. Ke7 1-0

[Event "U.S. Amateur North U1600"]
[Site "Detroit, MI"]
[Date "1999.05.30"]
[Round "4"]
[White "Thumm, Jon"]
[Black "Boim, Sherman"]
[Result "0-1"]
[WhiteElo "1159"]
[BlackElo "1500"]
[PlyCount "72"]
[EventDate "1999.05.29"]

1. e4 e5 2. Nf3 Nc6 3. Bc4 Bc5 4. c3 Nf6 5. Qe2 O-O 6. d4 exd4 7. cxd4 Nxd4 8.
Nxd4 Bxd4 9. O-O Re8 10. Re1 d5 11. Be3 Bxe3 12. fxe3 dxc4 13. Qxc4 Rxe4 14.
Qc2 Qe7 15. Na3 Rxe3 16. Rxe3 Qxe3+ 17. Qf2 Qxf2+ 18. Kxf2 Bf5 19. Re1 Kf8 20.
Nb5 c6 21. Nd6 Bg6 22. b3 b6 23. Rc1 c5 24. Rc4 Rd8 25. Nb5 Bd3 26. Ra4 Bxb5
27. Rxa7 Rd7 28. Ra8+ Ke7 29. a4 Bc6 30. Ra6 Rd2+ 31. Ke1 Rxg2 32. Rxb6 Bf3 33.
Ra6 Ne4 34. Kf1 Be2+ 35. Kxg2 Bxa6 36. Kf3 Nd2+ 0-1

[Event "U.S. Amateur North"]
[Site "Detroit, MI"]
[Date "1999.05.30"]
[Round "5"]
[White "Thomas, Johnny"]
[Black "Holden, Anthony"]
[Result "1-0"]
[WhiteElo "1850"]
[BlackElo "1348"]
[PlyCount "122"]
[EventDate "1999.05.29"]

1. e4 c5 2. Nf3 Nc6 3. d4 cxd4 4. Nxd4 e5 5. Nf5 d6 6. c3 Bxf5 7. exf5 Qf6 8.
Qf3 Nge7 9. Bc4 Qxf5 10. Qxf5 Nxf5 11. Nd2 Nfe7 12. O-O d5 13. Bb3 d4 14. Re1
Ng6 15. Nf3 d3 16. Bd2 Bc5 17. Ba4 f6 18. Nd4 Nge7 19. Ne6 Bb6 20. Nxg7+ Kf7
21. Nh5 Kg6 22. Ng3 f5 23. Kf1 e4 24. b4 Ne5 25. Bb3 Ng4 26. h3 Bxf2 27. hxg4
Bxg3 28. g5 Rhe8 29. Re3 Bf4 30. Rxd3 Bxd2 31. Rxd2 e3 32. Rd6+ Kxg5 33. Ke2
Ng6 34. g3 Re7 35. Rf1 Rf8 36. Rd5 Ne5 37. Kxe3 Ng4+ 38. Kd3 Ne3 39. Rf4 Nxd5
40. Bxd5 Rfe8 41. Kd4 h5 42. Rf3 Re1 43. Bxb7 Rd8+ 44. Kc4 Rd2 45. a4 Re5 46.
a5 Kg4 47. Kb3 Rg2 48. Rxf5 Kxf5 49. Bxg2 Kg4 50. a6 Kxg3 51. Bb7 h4 52. Kc4 h3
53. Kd4 Re7 54. b5 Rd7+ 55. Kc5 Rc7+ 56. Kb4 Kf2 57. c4 h2 58. c5 Rf7 59. b6
axb6 60. cxb6 Rf3 61. Bxf3 Kxf3 1-0

[Event "U.S. Amateur North U1600"]
[Site "Detroit, MI"]
[Date "1999.05.30"]
[Round "5"]
[White "Sturdivant, Ashley"]
[Black "Perry, Marc"]
[Result "1-0"]
[WhiteElo "539"]
[BlackElo "755"]
[PlyCount "51"]
[EventDate "1999.05.29"]

1. e4 e5 2. Nf3 Nc6 3. Bc4 h6 4. O-O Nf6 5. Re1 Bc5 6. h3 d6 7. c3 Na5 8. Bd5
Nxd5 9. exd5 Nc4 10. d4 Bb6 11. dxe5 dxe5 12. Nxe5 Nxe5 13. Rxe5+ Kf8 14. Be3
Qf6 15. Bd4 Qg6 16. Bxb6 Bxh3 17. g3 Qxb6 18. b3 c6 19. dxc6 Qxc6 20. f3 Qxc3
21. Nxc3 f6 22. Qd6+ Kg8 23. Re7 Kh7 24. Ne4 Rhe8 25. Rxe8 Rxe8 26. Nxf6+ 1-0

[Event "U.S. Amateur North U1600"]
[Site "Detroit, MI"]
[Date "1999.05.30"]
[Round "4"]
[White "Smith, Tyrnn"]
[Black "Henry, Robynne"]
[Result "0-1"]
[WhiteElo "887"]
[BlackElo "1268"]
[PlyCount "66"]
[EventDate "1999.05.29"]

1. d4 d5 2. c4 e6 3. Nc3 Nf6 4. e3 Be7 5. Nf3 O-O 6. Bd3 b6 7. b3 Bb7 8. Bb2 c5
9. O-O Nc6 10. Re1 Nb4 11. Be2 dxc4 12. bxc4 cxd4 13. exd4 Rc8 14. a3 Na6 15.
Rb1 Nb8 16. Rc1 Bxf3 17. gxf3 Nh5 18. Qd2 Bg5 19. Qc2 Bxc1 20. Bxc1 Qxd4 21.
Rd1 Qc5 22. Ne4 Qe7 23. Bb2 Nf4 24. Be5 Nxe2+ 25. Qxe2 Rfd8 26. Bd6 Qe8 27. Qc2
f5 28. Nc3 Rxc4 29. Bxb8 Rxb8 30. Qb3 Rbc8 31. Nb5 Rc1 32. Nd6 Rxd1+ 33. Qxd1
Qd7 0-1

[Event "U.S. Amateur North U1600"]
[Site "Detroit, MI"]
[Date "1999.05.30"]
[Round "4"]
[White "Smith, Glenn"]
[Black "Gillom, Donte"]
[Result "1-0"]
[WhiteElo "1560"]
[BlackElo "1221"]
[PlyCount "57"]
[EventDate "1999.05.29"]

1. e4 e6 2. d4 d5 3. Nc3 c6 4. Nge2 Ne7 5. Bg5 f6 6. Bh4 Ng6 7. Bg3 Bd6 8. f4
Bc7 9. Qd3 Ne7 10. Bf2 Na6 11. a3 Bb8 12. g3 Nc7 13. Bg2 b6 14. Qe3 O-O 15.
O-O-O dxe4 16. Bxe4 Ncd5 17. Nxd5 Nxd5 18. Qd3 f5 19. Bf3 a5 20. c4 Ba6 21. Qb3
a4 22. Qa2 Ne7 23. d5 cxd5 24. Nc3 Bxc4 25. Qxc4 Bxf4+ 26. Qxf4 Ng6 27. Qd4
Qg5+ 28. Kb1 Rfb8 29. Nxd5 1-0

[Event "U.S. Amateur North U1600"]
[Site "Detroit, MI"]
[Date "1999.05.30"]
[Round "5"]
[White "Smith, Glenn"]
[Black "Biache, August"]
[Result "1-0"]
[WhiteElo "1560"]
[BlackElo "1431"]
[PlyCount "70"]
[EventDate "1999.05.29"]

1. d4 Nf6 2. Nf3 g6 3. Bg5 Ne4 4. Qd3 Nxg5 5. Nxg5 e6 6. h4 Be7 7. f4 Nc6 8. c3
d5 9. Nd2 h6 10. Ngf3 b6 11. e4 Bb7 12. Qb5 a6 13. Qa4 f6 14. Bd3 Qd7 15. a3
O-O-O 16. Bxa6 Na5 17. Bxb7+ Kxb7 18. Qxd7 Rxd7 19. e5 Nc4 20. Nxc4 dxc4 21.
exf6 Bxf6 22. Ne5 Bxe5 23. fxe5 Rf7 24. Rf1 Rxf1+ 25. Kxf1 g5 26. g3 Rf8+ 27.
Ke2 g4 28. Rf1 Rxf1 29. Kxf1 Kc6 30. Ke2 Kd5 31. Ke3 b5 32. Kf4 c5 33. dxc5
Kxc5 34. Kxg4 Kd5 35. Kh5 Kxe5 1-0

[Event "U.S. Amateur North U1600"]
[Site "Detroit, MI"]
[Date "1999.05.30"]
[Round "5"]
[White "Sims, Chris"]
[Black "Aldrich, Justin"]
[Result "1-0"]
[WhiteElo "1240"]
[BlackElo "1500"]
[PlyCount "73"]
[EventDate "1999.05.29"]

1. e4 e5 2. Nf3 d6 3. d4 exd4 4. Bc4 Be7 5. h3 h6 6. O-O Nf6 7. Nxd4 Nc6 8. Nc3
Bd7 9. Be3 O-O 10. Qe2 Re8 11. Rad1 Nxd4 12. Bxd4 Be6 13. f4 c6 14. Bd3 Qc7 15.
f5 Bd7 16. Qf2 Nh7 17. Ne2 Bf6 18. Be3 Ng5 19. Ng3 Bxb2 20. h4 Nh7 21. Nh5 Be5
22. Qf3 d5 23. Bxh6 gxh6 24. f6 Qc8 25. Qe3 Nxf6 26. Rxf6 Re6 27. Rxe6 Bxe6 28.
exd5 Bc7 29. Qxh6 Be5 30. Bh7+ Kh8 31. Bf5+ Kg8 32. dxe6 Qc7 33. exf7+ Kxf7 34.
Rd7+ Qxd7 35. Bxd7 Rh8 36. Qe6+ Kf8 37. Qe8# 1-0

[Event "U.S. Amateur North U1600"]
[Site "Detroit, MI"]
[Date "1999.05.30"]
[Round "5"]
[White "Shukla, Ravi"]
[Black "McFolley, Tyrone"]
[Result "1-0"]
[WhiteElo "1074"]
[BlackElo "702"]
[PlyCount "33"]
[EventDate "1999.05.29"]

1. e4 e5 2. Nf3 Nc6 3. Bc4 h6 4. d4 exd4 5. Nxd4 Bc5 6. Nxc6 bxc6 7. Nc3 Nf6 8.
O-O O-O 9. Re1 d6 10. h3 Be6 11. Bd3 Re8 12. Be3 Bb4 13. Qd2 Re7 14. Bxh6 gxh6
15. Qxh6 Bc5 16. Qxf6 Kf8 17. Qh8# 1-0

[Event "U.S. Amateur North U1600"]
[Site "Detroit, MI"]
[Date "1999.05.30"]
[Round "4"]
[White "Scioly, Tony"]
[Black "Frantz, John W"]
[Result "1-0"]
[WhiteElo "1593"]
[BlackElo "1225"]
[PlyCount "45"]
[EventDate "1999.05.29"]

1. e4 c5 2. Nf3 d6 3. d4 cxd4 4. Nxd4 Nf6 5. Nc3 g6 6. Be3 Nc6 7. f3 Bd7 8. Bc4
Ne5 9. Bb3 Rc8 10. Qe2 Bg7 11. h4 h5 12. O-O-O a6 13. f4 Neg4 14. e5 Rxc3 15.
bxc3 Ne4 16. Qc4 O-O 17. Ne6 Nxe3 18. Qxe4 Nxd1 19. Nxd8 Nf2 20. Qxb7 Rxd8 21.
Rf1 dxe5 22. Rxf2 exf4 23. Qc7 1-0

[Event "U.S. Amateur North"]
[Site "Detroit, MI"]
[Date "1999.05.30"]
[Round "4"]
[White "Schell, Ken"]
[Black "Diehl-Simel, Raphael"]
[Result "1/2-1/2"]
[WhiteElo "1666"]
[BlackElo "1256"]
[PlyCount "56"]
[EventDate "1999.05.29"]

1. e4 c5 2. Nf3 e6 3. d4 cxd4 4. Nxd4 Nc6 5. Nc3 Bb4 6. Be3 Nf6 7. Nxc6 bxc6 8.
Bd3 O-O 9. O-O d5 10. e5 Nd7 11. f4 c5 12. Nb5 c4 13. Be2 Ba6 14. Nd4 Bc5 15.
c3 Rc8 16. Qc2 Qe7 17. Kh1 f6 18. exf6 Qxf6 19. Bg4 Rfe8 20. Rae1 Nf8 21. Bg1
Re7 22. Qe2 Rf7 23. Qe5 Bb6 24. Qxf6 gxf6 25. Re2 Bxd4 26. Bxd4 Rc6 27. Rfe1
Bb5 28. Bf3 Rcc7 1/2-1/2

[Event "U.S. Amateur North"]
[Site "Detroit, MI"]
[Date "1999.05.30"]
[Round "4"]
[White "Santus, Nick"]
[Black "Aldrich, Jeff"]
[Result "1-0"]
[WhiteElo "1862"]
[BlackElo "2056"]
[PlyCount "55"]
[EventDate "1999.05.29"]

1. e4 c6 2. d4 d5 3. exd5 cxd5 4. c4 Nf6 5. Nc3 e6 6. Nf3 Bb4 7. Qa4+ Nc6 8. a3
Bxc3+ 9. bxc3 Bd7 10. Qc2 Rc8 11. Bd3 h6 12. O-O O-O 13. Bf4 dxc4 14. Bxc4 Na5
15. Bd3 Nd5 16. Bd2 Nb6 17. Ne5 Ba4 18. Qb2 Qc7 19. Bb5 Nb3 20. Bxa4 Nxd2 21.
Qxd2 Nxa4 22. c4 Rfd8 23. Qe3 Qd6 24. Qb3 Nc5 25. dxc5 Qxe5 26. Qxb7 Qxc5 27.
Rfd1 Qxa3 28. Qxc8 1-0

[Event "U.S. Amateur North"]
[Site "Detroit, MI"]
[Date "1999.05.30"]
[Round "4"]
[White "Santiago, Reynaldo"]
[Black "Thomas, Johnny"]
[Result "1-0"]
[WhiteElo "2011"]
[BlackElo "1850"]
[PlyCount "63"]
[EventDate "1999.05.29"]

1. e4 c5 2. Nf3 Nc6 3. Nc3 d6 4. g3 g6 5. Bg2 Bg7 6. O-O e6 7. d3 Bd7 8. Bf4
Ne5 9. Qd2 Qc7 10. a3 h6 11. h3 Ne7 12. Rab1 Rc8 13. Nh2 f5 14. Rfe1 b5 15.
exf5 gxf5 16. Qe2 h5 17. Bg5 N7c6 18. Nxb5 Qb8 19. Nc3 Nd4 20. Qd2 Bc6 21. f4
Bxg2 22. Qxg2 Nf7 23. Nd5 Nxg5 24. fxg5 Kf7 25. Nf4 Rce8 26. c3 Nb5 27. Qc6 Qb6
28. Qd7+ Re7 29. g6+ Kf6 30. Rxe6+ Rxe6 31. Qf7+ Kg5 32. Nxe6+ 1-0

[Event "U.S. Amateur North U1600"]
[Site "Detroit, MI"]
[Date "1999.05.30"]
[Round "4"]
[White "Rojas, Fernando"]
[Black "Frantz, John C"]
[Result "1-0"]
[WhiteElo "1069"]
[BlackElo "459"]
[PlyCount "63"]
[EventDate "1999.05.29"]

1. e4 e6 2. Nf3 d5 3. Nc3 dxe4 4. Nxe4 f5 5. Nc3 Nd7 6. d4 Ne7 7. Bb5 c6 8. Ba4
b5 9. Bb3 a5 10. Bxe6 Nf6 11. Bxc8 Qxc8 12. O-O Ng6 13. Re1+ Be7 14. d5 O-O 15.
Ne5 Nf4 16. Bxf4 b4 17. Nxc6 bxc3 18. Nxe7+ Kh8 19. Nxc8 Raxc8 20. Bd6 Rfd8 21.
Be7 Rxd5 22. Qf3 cxb2 23. Rad1 Rxd1 24. Qxd1 Ne8 25. Qd7 Rb8 26. Rb1 h6 27. Ba3
Nf6 28. Qd6 Ne4 29. Qxb8+ Kh7 30. Rxb2 Kg6 31. Qb6+ Nf6 32. Be7 1-0

[Event "U.S. Amateur North"]
[Site "Detroit, MI"]
[Date "1999.05.30"]
[Round "4"]
[White "Rogers, Bradley"]
[Black "Libby, Dan"]
[Result "1-0"]
[WhiteElo "2073"]
[BlackElo "1722"]
[PlyCount "91"]
[EventDate "1999.05.29"]

1. d4 Nf6 2. c4 g6 3. Nc3 d5 4. cxd5 Nxd5 5. e4 Nxc3 6. bxc3 Bg7 7. Bc4 c5 8.
Ne2 Nc6 9. Be3 O-O 10. O-O Bg4 11. f3 Na5 12. Bxf7+ Rxf7 13. fxg4 Rxf1+ 14.
Kxf1 Qd6 15. e5 Qd5 16. h3 Rd8 17. Qc2 Nc4 18. Bf2 Bh6 19. Kg1 Be3 20. Rf1 Bh6
21. Qb3 e6 22. Bh4 Be3+ 23. Kh1 g5 24. Bg3 b6 25. Bh2 Nd2 26. Qxd5 Rxd5 27. Rd1
cxd4 28. cxd4 Ra5 29. Bg1 Nc4 30. Bxe3 Nxe3 31. Rd2 Nc4 32. Rc2 Ne3 33. Rc8+
Kg7 34. Rc7+ Kg6 35. Re7 Rxa2 36. Rxe6+ Kg7 37. Ng3 Ra1+ 38. Kh2 Nf1+ 39. Nxf1
Rxf1 40. d5 Rf2 41. Rc6 Rb2 42. d6 Kf8 43. Rc7 Rb1 44. e6 Re1 45. Rf7+ Kg8 46.
Rf6 1-0

[Event "U.S. Amateur North U1600"]
[Site "Detroit, MI"]
[Date "1999.05.30"]
[Round "4"]
[White "Reisinger, Michael"]
[Black "Sims, Chris"]
[Result "0-1"]
[WhiteElo "1480"]
[BlackElo "1240"]
[PlyCount "70"]
[EventDate "1999.05.29"]

1. d4 Nf6 2. Nf3 e6 3. Bg5 b6 4. Nbd2 Be7 5. e3 Bb7 6. Bd3 d6 7. O-O Nbd7 8. e4
h6 9. Bf4 g5 10. Bg3 g4 11. Ne1 h5 12. e5 Nd5 13. exd6 Bxd6 14. Qe2 Qe7 15. Nc4
O-O-O 16. Nxd6+ cxd6 17. c4 h4 18. cxd5 hxg3 19. fxg3 Bxd5 20. Ba6+ Kb8 21. Nd3
f5 22. Nf4 Be4 23. Ng6 Qh7 24. Nh4 Nf8 25. Bd3 Ba8 26. Rac1 Ng6 27. Qf2 Nxh4
28. gxh4 Qxh4 29. Qxh4 Rxh4 30. Rfe1 Rdh8 31. Rxe6 Rxh2 32. Rc2 g3 33. Kf1 f4
34. Be4 f3 35. Bxa8 Rh1# 0-1